[Event "4NCL Online Division 2"]
[Site "online"]
[Date "2020.04.07"]
[Round "1.53"]
[White "Fink-Nunn, Petra"]
[Black "Leah, Tom"]
[Result "1-0"]
[WhiteElo "1966"]
[BlackElo "2065"]
[PlyCount "103"]
[EventDate "2020.04.07"]
[WhiteTeam "CSC 2"]
[BlackTeam "Yorkshire Universities"]

1. e4 e5 2. f4 exf4 3. Nf3 Nf6 4. e5 Nh5 5. d4 d6 6. Bc4 g6 7. O-O Bg7 8. exd6
O-O 9. dxc7 Qxc7 10. Na3 Nc6 11. c3 Bg4 12. h3 Bf5 13. Nh4 Be4 14. Be2 Ng3 15.
Bxf4 Nxe2+ 16. Qxe2 Qe7 17. Nf3 Rfe8 18. Rae1 Qd7 19. Qd2 Bd5 20. b3 a6 21. Nc2
Rad8 22. Ne3 Bxf3 23. Rxf3 b5 24. d5 Ne5 25. Rf2 Rc8 26. Rc1 Bf8 27. Bxe5 Rxe5
28. Ng4 Rf5 29. Nf6+ Rxf6 30. Rxf6 Bg7 31. Rf3 Rc5 32. c4 bxc4 33. bxc4 Be5 34.
Qe3 Bd6 35. Qe4 Rc8 36. Rcf1 Re8 37. Qd3 f5 38. Kh1 Bc5 39. Rd1 Qd6 40. Qd2 Bb6
41. Re1 Re4 42. Rxe4 fxe4 43. Qf4 Qc5 44. Qf7+ Kh8 45. Qf8+ Qxf8 46. Rxf8+ Kg7
47. Re8 e3 48. Kg1 Kf7 49. Re4 Bc5 50. Kf1 a5 51. Ke2 Kf6 52. Rxe3 1-0

[Event "4NCL Online Division 2"]
[Site "online"]
[Date "2020.04.07"]
[Round "1.54"]
[White "Wagg, Joel"]
[Black "Warren, Alex M"]
[Result "1/2-1/2"]
[WhiteElo "1967"]
[BlackElo "1960"]
[PlyCount "95"]
[EventDate "2020.04.07"]
[WhiteTeam "Yorkshire Universities"]
[BlackTeam "CSC 2"]

1. e4 c5 2. Nf3 d6 3. d4 cxd4 4. Nxd4 Nf6 5. Nc3 g6 6. Be3 Bg7 7. f3 O-O 8. Qd2
Nc6 9. Bc4 Bd7 10. O-O-O Rb8 11. h4 b5 12. Bd5 Ne5 13. Bh6 b4 14. Bxg7 Kxg7 15.
Nce2 e6 16. Bb3 a5 17. h5 Nxh5 18. Rxh5 gxh5 19. Nf4 Kh8 20. Nxh5 Rg8 21. f4 a4
22. fxe5 axb3 23. cxb3 dxe5 24. Nf3 Bb5 25. Nxe5 Qc7+ 26. Nc4 Bxc4 27. bxc4
Qxc4+ 28. Kb1 Qxe4+ 29. Ka1 Qe5 30. Rh1 Rg5 31. g4 Rxg4 32. Qf2 f5 33. Qa7 h6
34. Nf6 Qxf6 35. Qxb8+ Kg7 36. Qa7+ Kg6 37. Qe3 Rg5 38. Qh3 Kg7 39. Qf3 Rg4 40.
Rd1 Qg5 41. Qb7+ Kf6 42. Qd7 Qe3 43. Qd8+ Kg6 44. Qg8+ Kf6 45. Qh8+ Kg6 46.
Qg8+ Kf6 47. Qh8+ Kg6 48. Qg8+ 1/2-1/2

[Event "4NCL Online Division 2"]
[Site "online"]
[Date "2020.04.07"]
[Round "1.61"]
[White "O'Neill, Paul"]
[Black "Cole, James"]
[Result "0-1"]
[WhiteElo "2052"]
[BlackElo "2057"]
[PlyCount "60"]
[EventDate "2020.04.07"]
[WhiteTeam "Exeter Honey Badgers"]
[BlackTeam "Oxford 2"]

1. d4 Nf6 2. c4 g6 3. Nc3 d5 4. cxd5 Nxd5 5. Bd2 Bg7 6. e4 Nb6 7. Be3 O-O 8. h3
e5 9. Nf3 exd4 10. Bxd4 c6 11. Be2 Be6 12. Bxg7 Kxg7 13. Qc2 Qe7 14. O-O N8d7
15. a4 a5 16. Nd2 Qb4 17. f4 f5 18. e5 Nc5 19. Kh2 Rfd8 20. g3 Nb3 21. Rad1 Nd4
22. Qc1 Nxe2 23. Nxe2 Nxa4 24. Nf3 Bd5 25. Rd4 Qxb2 26. Qxb2 Nxb2 27. Ng5 h6
28. Rb1 hxg5 29. Rxb2 b5 30. fxg5 Bc4 0-1

[Event "4NCL Online Division 2"]
[Site "online"]
[Date "2020.04.07"]
[Round "1.62"]
[White "Olehnovics, Andrejs"]
[Black "Haynes, Josiah"]
[Result "0-1"]
[WhiteElo "2035"]
[BlackElo "2072"]
[PlyCount "48"]
[EventDate "2020.04.07"]
[WhiteTeam "Oxford 2"]
[BlackTeam "Exeter Honey Badgers"]

1. d4 Nf6 2. Nf3 e6 3. c4 d5 4. e3 Be7 5. b3 c5 6. Nbd2 O-O 7. Bd3 Nc6 8. O-O
a6 9. Bb2 cxd4 10. exd4 b6 11. Rc1 Bb7 12. Qe2 Re8 13. Rfd1 Bf8 14. Ne5 dxc4
15. Ndxc4 Nb4 16. Bb1 Nbd5 17. Qf3 Ra7 18. Nxf7 Kxf7 19. Ne5+ Kg8 20. Bxh7+
Kxh7 21. Qd3+ Kg8 22. Qg6 Nf4 23. Qf7+ Kh7 24. Rd2 Re7 0-1

[Event "4NCL Online Division 2"]
[Site "online"]
[Date "2020.04.07"]
[Round "1.63"]
[White "Paulden, Tim"]
[Black "Wilson, Edgar"]
[Result "1-0"]
[WhiteElo "2057"]
[BlackElo "2012"]
[PlyCount "101"]
[EventDate "2020.04.07"]
[WhiteTeam "Exeter Honey Badgers"]
[BlackTeam "Oxford 2"]

1. b3 d5 2. Bb2 e6 3. e3 Nf6 4. f4 Be7 5. Nf3 c5 6. g3 Nc6 7. Bg2 O-O 8. O-O b6
9. Qe2 Bb7 10. d3 Rc8 11. Nbd2 Re8 12. Ne5 d4 13. Nxc6 Bxc6 14. e4 b5 15. g4
Bf8 16. g5 Nd7 17. Qh5 g6 18. Qh4 f5 19. b4 cxb4 20. Bxd4 Bc5 21. Qf2 Qb6 22.
Nb3 Bxd4 23. Qxd4 Bb7 24. Rf2 Nc5 25. Qxb4 Nxb3 26. Qxb3 Qd4 27. Re1 a6 28.
exf5 Bxg2 29. Kxg2 Rc3 30. Qb2 gxf5 31. a4 Qd5+ 32. Kg1 Rec8 33. axb5 axb5 34.
Re5 Qc6 35. Qxb5 Qxb5 36. Rxb5 Rxc2 37. Rxc2 Rxc2 38. Rb8+ Kf7 39. Rb7+ Kg6 40.
Re7 Kh5 41. Rxh7+ Kg4 42. g6 Rc8 43. g7 Rg8 44. h4 Kf3 45. Kh2 Rf8 46. gxf8=Q
e5 47. fxe5 f4 48. e6 Kf2 49. e7 f3 50. e8=Q Kf1 51. Qxf3# 1-0

[Event "4NCL Online Division 2"]
[Site "online"]
[Date "2020.04.07"]
[Round "1.64"]
[White "Neatherway, A Philip"]
[Black "Thorpe, Thomas"]
[Result "0-1"]
[WhiteElo "1798"]
[BlackElo "2027"]
[PlyCount "33"]
[EventDate "2020.04.07"]
[WhiteTeam "Oxford 2"]
[BlackTeam "Exeter Honey Badgers"]

1. e4 c5 2. Nc3 Nc6 3. g3 g6 4. Bg2 Bg7 5. d3 d6 6. f4 Nf6 7. Nf3 O-O 8. O-O
Rb8 9. a4 a6 10. h3 b5 11. axb5 axb5 12. Be3 b4 13. Ne2 Bb7 14. g4 Nd7 15. Rb1
Ra8 16. c3 Qb6 17. Bd4 0-1

[Event "4NCL Online Division 2"]
[Site "online"]
[Date "2020.04.07"]
[Round "1.71"]
[White "Carroll, Peter"]
[Black "Gardner, James"]
[Result "1/2-1/2"]
[WhiteElo "2009"]
[BlackElo "2132"]
[PlyCount "49"]
[EventDate "2020.04.07"]
[WhiteTeam "Gonzaga C-ing is Believing"]
[BlackTeam "MK Phoenix 1"]

1. d4 d5 2. Nc3 Nf6 3. Bf4 a6 4. e3 c5 5. dxc5 Nc6 6. a3 g6 7. Nf3 Bg7 8. Na4
Nd7 9. Qxd5 Qa5+ 10. Nd2 Qxa4 11. O-O-O Nf6 12. Qa2 Be6 13. Bc4 Bxc4 14. Nxc4
Nb4 15. Qb3 Qxb3 16. cxb3 Nc6 17. Nb6 Rd8 18. f3 O-O 19. Bc7 Rxd1+ 20. Rxd1 Re8
21. e4 Bh6+ 22. Kc2 Nh5 23. Rd7 Nf6 24. Rd1 Nh5 25. Rd7 1/2-1/2

[Event "4NCL Online Division 2"]
[Site "online"]
[Date "2020.04.07"]
[Round "1.72"]
[White "Brown, Alan M"]
[Black "Casey, Eoghan"]
[Result "0-1"]
[WhiteElo "2008"]
[BlackElo "1954"]
[PlyCount "162"]
[EventDate "2020.04.07"]
[WhiteTeam "MK Phoenix 1"]
[BlackTeam "Gonzaga C-ing is Believing"]

1. d4 g6 2. c4 Bg7 3. e4 c5 4. Nf3 cxd4 5. Nxd4 Nc6 6. Be3 Nf6 7. Nc3 Ng4 8.
Qxg4 Nxd4 9. Qd1 Ne6 10. Rc1 Qa5 11. a3 b6 12. Be2 g5 13. O-O Qe5 14. Qd5 Rb8
15. Rfd1 d6 16. Qxe5 Bxe5 17. Bg4 Nf4 18. Bxc8 Rxc8 19. b3 Bxc3 20. Bxf4 Bf6
21. Be3 h6 22. a4 Be5 23. h3 e6 24. Rc2 Ke7 25. g3 Rhg8 26. Kf1 g4 27. h4 h5
28. Bc1 Rgf8 29. Ba3 f5 30. exf5 Rxf5 31. Rd3 a6 32. Rcd2 Rc6 33. Ke2 Kd7 34.
Rd1 Kc7 35. Rc1 Kb7 36. Rcd1 Kc7 37. Rc1 Rf7 38. b4 b5 39. axb5 axb5 40. cxb5
Rxc1 41. Bxc1 Kb6 42. Ra3 Kxb5 43. Bd2 Bd4 44. Be1 Kc4 45. Ra5 d5 46. Ra6 Rf6
47. Rc6+ Kb5 48. Rc8 e5 49. Rb8+ Bb6 50. Rh8 Rf5 51. Rh7 e4 52. Re7 Kc4 53. Re8
Bd4 54. Rc8+ Kb5 55. Re8 Bb2 56. Rb8+ Kc4 57. Rc8+ Kb3 58. Re8 Ba3 59. b5 Bc5
60. Re6 Kc4 61. b6 Rf7 62. Re5 Bxb6 63. Rxh5 d4 64. Re5 d3+ 65. Kd1 Kd4 66. Re6
Rb7 67. Bd2 Bc7 68. Rc6 Rb1+ 69. Rc1 Rb7 70. Be3+ Kd5 71. Rc5+ Ke6 72. Kc1 Bd6
73. Ra5 Rc7+ 74. Kd1 Rb7 75. Kc1 Rc7+ 76. Kd1 Bb4 77. Ra6+ Kd5 78. Ra1 Rc2 79.
Ra8 Re2 80. Rd8+ Kc4 81. Kc1 Kb3 0-1

[Event "4NCL Online Division 2"]
[Site "online"]
[Date "2020.04.07"]
[Round "1.73"]
[White "Nolan, Dermot"]
[Black "Cox, Toby"]
[Result "0-1"]
[WhiteElo "1845"]
[BlackElo "2020"]
[PlyCount "48"]
[EventDate "2020.04.07"]
[WhiteTeam "Gonzaga C-ing is Believing"]
[BlackTeam "MK Phoenix 1"]

1. e4 e6 2. d4 d5 3. Nc3 Nf6 4. e5 Nfd7 5. f4 c5 6. Nf3 Nc6 7. Be3 a6 8. Qd2 b5
9. dxc5 Bxc5 10. Nd4 Qb6 11. O-O-O f6 12. exf6 Nxf6 13. Be2 Bd7 14. h4 O-O-O
15. h5 Ne4 16. Nxe4 dxe4 17. Qc3 Nb4 18. Qb3 a5 19. Kb1 a4 20. Qc3 Nd5 21. Qd2
Be8 22. Bg1 e3 23. Qd3 Nxf4 24. Qc3 Nxe2 0-1

[Event "4NCL Online Division 2"]
[Site "online"]
[Date "2020.04.07"]
[Round "1.74"]
[White "Hunt, Peter"]
[Black "Moran, Darragh"]
[Result "1/2-1/2"]
[WhiteElo "2020"]
[BlackElo "1868"]
[PlyCount "36"]
[EventDate "2020.04.07"]
[WhiteTeam "MK Phoenix 1"]
[BlackTeam "Gonzaga C-ing is Believing"]

1. e4 e6 2. d4 d5 3. exd5 exd5 4. Bd3 Nf6 5. Nf3 Bd6 6. O-O O-O 7. h3 h6 8. c3
c6 9. Qc2 Qc7 10. Re1 Nbd7 11. Nbd2 b6 12. b3 Bb7 13. Bb2 Rfe8 14. c4 dxc4 15.
bxc4 Rad8 16. Nb3 c5 17. dxc5 bxc5 18. Nbd2 Ne5 1/2-1/2

[Event "4NCL Online Division 2"]
[Site "online"]
[Date "2020.04.07"]
[Round "1.81"]
[White "Tanmay Chopra"]
[Black "Bak, Christopher"]
[Result "1-0"]
[WhiteElo "2273"]
[BlackElo "2095"]
[PlyCount "65"]
[EventDate "2020.04.07"]
[WhiteTeam "Harrow 1"]
[BlackTeam "Bradford DCA Knights A"]

1. d4 Nf6 2. c4 e6 3. Nc3 c5 4. d5 exd5 5. cxd5 d6 6. e4 g6 7. Nf3 a6 8. Bf4
Bg7 9. Qa4+ Bd7 10. Qb3 Qc7 11. e5 Nh5 12. exd6 Qc8 13. Be3 O-O 14. Qb6 Re8 15.
O-O-O c4 16. h3 Bb5 17. g4 Nd7 18. Qc7 Nhf6 19. a4 Ne4 20. Qxc8 Raxc8 21. axb5
Bxc3 22. bxc3 Nxc3 23. bxa6 Nxd1 24. axb7 Rb8 25. Kxd1 Rxb7 26. Kc2 Rc8 27. Be2
c3 28. Rb1 Rxb1 29. Kxb1 Kf8 30. Nd4 Nb6 31. Nc6 c2+ 32. Kc1 Ra8 33. Bxb6 1-0

[Event "4NCL Online Division 2"]
[Site "online"]
[Date "2020.04.07"]
[Round "1.82"]
[White "Ther, Mate"]
[Black "Nettleton, Charlie B"]
[Result "0-1"]
[WhiteElo "2080"]
[BlackElo "2125"]
[PlyCount "74"]
[EventDate "2020.04.07"]
[WhiteTeam "Bradford DCA Knights A"]
[BlackTeam "Harrow 1"]

1. e4 g6 2. d4 Bg7 3. Be3 c5 4. c3 Qb6 5. Qc2 cxd4 6. Bxd4 Bxd4 7. cxd4 Nc6 8.
d5 Nd4 9. Qc3 Nf6 10. Nd2 d6 11. Bd3 a6 12. Nc4 Qa7 13. a4 Bd7 14. Ne2 Nxe2 15.
Kxe2 O-O 16. Nxd6 Ng4 17. Nc4 Qxf2+ 18. Kd1 Qxg2 19. Re1 Rac8 20. Re2 Qf3 21.
Qd2 b5 22. axb5 axb5 23. Ne3 Nf2+ 24. Ke1 Nxe4 25. Qb4 Nd6 26. Kd2 Nc4+ 27.
Bxc4 bxc4 28. Qxe7 Bb5 29. Ree1 Qf2+ 30. Kd1 Rfe8 31. Qg5 Qxb2 32. Rc1 Ba4+ 33.
Nc2 Rxe1+ 34. Kxe1 Re8+ 35. Kd2 Bxc2 36. Rxc2 Qd4+ 37. Kc1 Re1# 0-1

[Event "4NCL Online Division 2"]
[Site "online"]
[Date "2020.04.07"]
[Round "1.83"]
[White "Coles, Steven F"]
[Black "Barker, Arron"]
[Result "1-0"]
[WhiteElo "2080"]
[BlackElo "1847"]
[PlyCount "133"]
[EventDate "2020.04.07"]
[WhiteTeam "Harrow 1"]
[BlackTeam "Bradford DCA Knights A"]

1. d4 e6 2. Nf3 d5 3. c4 Bb4+ 4. Bd2 Bxd2+ 5. Qxd2 Ne7 6. Nc3 c6 7. e4 dxc4 8.
Bxc4 Nd7 9. O-O Nb6 10. Bb3 Ng6 11. Rad1 O-O 12. Rfe1 Qc7 13. a4 a5 14. e5 Nd5
15. Ne4 f6 16. exf6 gxf6 17. Nc5 Qd6 18. Qh6 b6 19. Ne4 Qf4 20. Qxf4 Ngxf4 21.
g3 Nh5 22. Nfd2 Bd7 23. f4 Ng7 24. Nc4 Kh8 25. Nc3 Nf5 26. Nxd5 exd5 27. Nxb6
Rad8 28. Nxd7 Rxd7 29. Bc2 Nd6 30. Re6 f5 31. Rc1 Rb8 32. b3 Rb4 33. Re5 Rxd4
34. Bxf5 Nxf5 35. Rxf5 Rd6 36. Re1 Kg7 37. Re7+ Kg6 38. Rg5+ Kh6 39. Rgg7 Kh5
40. Rxh7+ Kg4 41. Re3 Re4 42. Kf2 Rxe3 43. Kxe3 d4+ 44. Kd3 c5 45. Rc7 Rd5 46.
Ra7 Kh3 47. Rh7+ Kg2 48. g4 Kf3 49. Rh5 Rd7 50. Rxc5 Kxg4 51. Rc4 Rb7 52. Rxd4
Rxb3+ 53. Ke4 Rb2 54. Ke5 Rxh2 55. f5+ Kg5 56. Rd5 Rf2 57. Ke6 Re2+ 58. Re5 Rb2
59. Rxa5 Rb6+ 60. Kd7 Kf6 61. Rb5 Ra6 62. a5 Kf7 63. Kc7 Ke8 64. Kb7 Rd6 65.
Rc5 Kd8 66. a6 Rd7+ 67. Kb8 1-0

[Event "4NCL Online Division 2"]
[Site "online"]
[Date "2020.04.07"]
[Round "1.84"]
[White "Holliday, John K"]
[Black "Chan, Nevil"]
[Result "1/2-1/2"]
[WhiteElo "1798"]
[BlackElo "2042"]
[PlyCount "117"]
[EventDate "2020.04.07"]
[WhiteTeam "Bradford DCA Knights A"]
[BlackTeam "Harrow 1"]

1. e4 b6 2. d4 Bb7 3. Nc3 e6 4. Nf3 Bb4 5. Bd3 Nf6 6. Bg5 h6 7. Bxf6 Bxc3+ 8.
bxc3 Qxf6 9. O-O d6 10. a4 a5 11. c4 Nd7 12. c3 e5 13. Qc2 O-O 14. Rfd1 Qe7 15.
Rab1 Bc6 16. Rf1 Rae8 17. Nd2 g5 18. d5 Bb7 19. Be2 Nf6 20. Nb3 Bc8 21. Qd3 Nh7
22. Bh5 Rd8 23. Nd2 Kg7 24. Qg3 f5 25. f4 exf4 26. Rxf4 Kh8 27. Rf2 fxe4 28.
Re2 Bf5 29. Rbe1 Nf6 30. Bf3 Rde8 31. Bxe4 Nxe4 32. Nxe4 Bxe4 33. Rxe4 Qxe4 34.
Rxe4 Rxe4 35. h3 Rff4 36. Qd3 Kg7 37. g3 Re1+ 38. Kg2 Rfe4 39. Kf2 Re5 40. Kf3
Ra1 41. Qc2 Rf1+ 42. Kg4 Rf6 43. h4 gxh4 44. gxh4 Rg6+ 45. Kh3 Re3+ 46. Kh2 Re5
47. Qf2 Rf6 48. Qg3+ Kh7 49. Qd3+ Ref5 50. Kh3 Kg7 51. Kg4 Rf4+ 52. Kg3 h5 53.
Qe3 Rg4+ 54. Kh3 Kg6 55. Qe8+ Rf7 56. Qe6+ Rf6 57. Qe8+ Rf7 58. Qe6+ Rf6 59.
Qe8+ 1/2-1/2

[Event "4NCL Online Division 2"]
[Site "online"]
[Date "2020.04.07"]
[Round "1.91"]
[White "Watson, Mikey J"]
[Black "Gayson, Peter M"]
[Result "0-1"]
[WhiteElo "2177"]
[BlackElo "2150"]
[PlyCount "102"]
[EventDate "2020.04.07"]
[WhiteTeam "Kent KJCA Kestrels B"]
[BlackTeam "Chessable White Rose 2"]

1. e4 c5 2. Nf3 e6 3. d4 cxd4 4. Nxd4 Nf6 5. Nc3 Nc6 6. Be3 Bb4 7. Bd3 d5 8.
exd5 Nxd5 9. Nxc6 bxc6 10. Bd2 O-O 11. O-O Nxc3 12. Bxc3 Bxc3 13. bxc3 Qf6 14.
c4 e5 15. Qe2 Bf5 16. Rfe1 Rfe8 17. f3 Rad8 18. Rad1 Bxd3 19. Rxd3 Rxd3 20.
cxd3 Qd6 21. Qe4 Re6 22. Rb1 g6 23. Rb3 Qc5+ 24. Kf1 Qa5 25. Rb8+ Kg7 26. Qe2
Qc3 27. Rb7 Rd6 28. Rb3 Qa1+ 29. Kf2 Qd4+ 30. Qe3 Qa1 31. Qxa7 e4 32. Rb7 Qf6
33. d4 exf3 34. gxf3 Re6 35. Rb2 Qf4 36. Kg2 Qg5+ 37. Kf2 Qe3+ 38. Kg2 Rf6 39.
Rf2 Rf5 40. h4 Rf4 41. Qc5 Rxd4 42. Qxc6 Rxh4 43. Qd5 Qf4 44. Qc5 Rh5 45. Qb6
Rg5+ 46. Kf1 Qxc4+ 47. Ke1 Re5+ 48. Kd1 Rd5+ 49. Ke1 Qc1+ 50. Ke2 Rd2+ 51. Ke3
Rd6+ 0-1

[Event "4NCL Online Division 2"]
[Site "online"]
[Date "2020.04.07"]
[Round "1.92"]
[White "Edwards-Wright, Miles D"]
[Black "Jugand, Jean-Baptiste"]
[Result "0-1"]
[WhiteElo "1915"]
[BlackElo "2065"]
[PlyCount "84"]
[EventDate "2020.04.07"]
[WhiteTeam "Chessable White Rose 2"]
[BlackTeam "Kent KJCA Kestrels B"]

1. b3 d5 2. Bb2 c5 3. e3 Nc6 4. Bb5 e6 5. Nf3 Nf6 6. Ne5 Qc7 7. f4 Be7 8. Nxc6
bxc6 9. Bd3 Rb8 10. Be5 Bd6 11. Bxf6 gxf6 12. Qg4 Bd7 13. Nc3 h5 14. Qg7 Ke7
15. Bg6 Rbg8 16. Qxf7+ Kd8 17. O-O Be7 18. f5 Qe5 19. Bh7 Rg4 20. h3 Rg5 21. h4
Rg4 22. Rf4 Rxf4 23. exf4 Qd4+ 24. Kh1 Qxf4 25. fxe6 c4 26. b4 Be8 27. Qg7 Bd6
28. Kg1 Rxh7 29. Qxh7 Bc7 30. e7+ Kd7 31. Nd1 Qd4+ 32. Kf1 Qxa1 33. Ke2 Qe5+
34. Ne3 d4 35. Qf5+ Kxe7 36. Qxe5+ fxe5 37. Nxc4 Bf7 38. Nb2 Bxa2 39. c3 dxc3
40. dxc3 Bd5 41. Kf2 Bb6+ 42. Kf1 Ke6 0-1

[Event "4NCL Online Division 2"]
[Site "online"]
[Date "2020.04.07"]
[Round "1.93"]
[White "Watson, Jacob"]
[Black "Wills, Tom"]
[Result "0-1"]
[WhiteElo "2095"]
[BlackElo "1967"]
[PlyCount "106"]
[EventDate "2020.04.07"]
[WhiteTeam "Kent KJCA Kestrels B"]
[BlackTeam "Chessable White Rose 2"]

1. d4 Nf6 2. Nf3 c5 3. e3 d5 4. Nbd2 cxd4 5. exd4 Nc6 6. c3 Bf5 7. Bb5 Qb6 8.
Qe2 e6 9. O-O Be7 10. Ne5 O-O 11. Ndf3 h6 12. Bd3 Bxd3 13. Qxd3 Nxe5 14. Nxe5
Rac8 15. Rb1 Qa5 16. a3 Ne4 17. f3 Nd6 18. Bf4 Qb5 19. Qd2 Nc4 20. Nxc4 Qxc4
21. Rfc1 b5 22. b3 Qc6 23. Qb2 Bd6 24. Bxd6 Qxd6 25. a4 bxa4 26. bxa4 Rc4 27.
Qb3 Rfc8 28. Qb7 Rxc3 29. Rxc3 Rxc3 30. Qxa7 Qf4 31. Qb8+ Qxb8 32. Rxb8+ Kh7
33. a5 Ra3 34. Rb5 Ra4 35. Kf2 Rxd4 36. Ke3 Ra4 37. Kd3 Kg6 38. Kc3 Kf6 39. Kb3
Ra1 40. Kb4 d4 41. Kc4 e5 42. Rb6+ Kf5 43. a6 Kf4 44. Kd3 Ra3+ 45. Kc4 Ke3 46.
Kb4 Ra1 47. Kb5 d3 48. Kc6 d2 49. Rb3+ Ke2 50. Rb2 Rxa6+ 51. Kb7 Rd6 52. Rb5
d1=Q 53. Rxe5+ Kf2 0-1

[Event "4NCL Online Division 2"]
[Site "online"]
[Date "2020.04.07"]
[Round "1.94"]
[White "Parkhouse, Max"]
[Black "Ball, Laurence"]
[Result "1-0"]
[WhiteElo "1832"]
[BlackElo "2090"]
[PlyCount "83"]
[EventDate "2020.04.07"]
[WhiteTeam "Chessable White Rose 2"]
[BlackTeam "Kent KJCA Kestrels B"]

1. d4 Nc6 2. Bf4 d6 3. e3 e5 4. dxe5 dxe5 5. Qxd8+ Kxd8 6. Bg3 Bd6 7. Nc3 Be6
8. Nf3 f6 9. O-O-O a6 10. a4 Nh6 11. e4 Ke7 12. Nd5+ Bxd5 13. exd5 Nd8 14. Bd3
b6 15. Nd2 Nb7 16. Ne4 Kd7 17. f3 Nc5 18. b3 Nxd3+ 19. Rxd3 Nf5 20. Bf2 Ne7 21.
Rhd1 h6 22. g4 Rab8 23. c4 a5 24. Kc2 h5 25. g5 f5 26. Nc3 Ng6 27. Bg3 h4 28.
Be1 Rh5 29. Bd2 Re8 30. Nb5 f4 31. Nxd6 cxd6 32. Rg1 Ra8 33. Be1 Rf8 34. Bf2
Kc7 35. b4 axb4 36. Rb3 Ra8 37. Rxb4 Ra6 38. Rgb1 Rxg5 39. Bxb6+ Kd7 40. Bg1
Rg2+ 41. Kc3 Ra7 42. Bxa7 1-0

[Event "4NCL Online Division 2"]
[Site "online"]
[Date "2020.04.07"]
[Round "1.101"]
[White "Foord, Dominic"]
[Black "Twine, David"]
[Result "1-0"]
[WhiteElo "2267"]
[BlackElo "2072"]
[PlyCount "85"]
[EventDate "2020.04.07"]
[WhiteTeam "Liverpool"]
[BlackTeam "Plymouth"]

1. d4 Nf6 2. c4 g6 3. Nc3 Bg7 4. e4 d6 5. Be2 O-O 6. Nf3 e5 7. O-O Na6 8. Re1
exd4 9. Nxd4 Nc5 10. Bf1 Re8 11. f3 a5 12. Be3 Bd7 13. Qd2 Ne6 14. Rac1 Nxd4
15. Bxd4 Bc6 16. Bf2 Nd7 17. b3 b6 18. a3 Nc5 19. Rb1 a4 20. b4 Nb3 21. Qd3 Qf6
22. Nd5 Qd8 23. Red1 Bb7 24. Kh1 c5 25. Nc3 Nd4 26. Rb2 Qf6 27. Be1 Re5 28.
bxc5 dxc5 29. Rdb1 Re6 30. Nd5 Bxd5 31. cxd5 Rd6 32. Bg3 Nb3 33. e5 Qg5 34. f4
Qd8 35. exd6 Bxb2 36. Rxb2 Qxd6 37. f5 Qf6 38. Rf2 g5 39. Re2 Nd4 40. Re1 Rd8
41. Be5 Qxf5 42. Qxf5 Nxf5 43. Bf6 1-0

[Event "4NCL Online Division 2"]
[Site "online"]
[Date "2020.04.07"]
[Round "1.102"]
[White "Pollock, Richard M"]
[Black "Rodrigo Yanguas, Maria"]
[Result "0-1"]
[WhiteElo "2072"]
[BlackElo "2230"]
[PlyCount "96"]
[EventDate "2020.04.07"]
[WhiteTeam "Plymouth"]
[BlackTeam "Liverpool"]

1. e4 c5 2. Nc3 Nc6 3. Nf3 d6 4. d4 cxd4 5. Nxd4 Nf6 6. g3 e5 7. Nde2 Be7 8.
Bg2 O-O 9. O-O Be6 10. h3 Qd7 11. Kh2 Rfd8 12. Bg5 h6 13. Bxf6 Bxf6 14. f4 exf4
15. gxf4 Bc4 16. Qd2 Bxe2 17. Qxe2 Bxc3 18. bxc3 Rac8 19. Bf3 Qe7 20. Rg1 Qf6
21. Qd2 Na5 22. Bg4 Qxc3 23. Qg2 Rc7 24. Rad1 Qxc2 25. Rd2 Qc3 26. e5 Qe3 27.
Rxd6 Qxf4+ 28. Qg3 Qxg3+ 29. Rxg3 Re8 30. e6 fxe6 31. Bxe6+ Kh8 32. Rgd3 Rce7
33. Bg4 Nc6 34. Rd7 Ne5 35. Rxe7 Nxg4+ 36. hxg4 Rxe7 37. Kg3 Kh7 38. Kf4 Rf7+
39. Kg3 Kg6 40. Rd6+ Rf6 41. Rd7 Rb6 42. Rd3 Ra6 43. a3 b5 44. Rb3 Rb6 45. Rb2
a5 46. Rb3 b4 47. axb4 Rxb4 48. Ra3 a4 0-1

[Event "4NCL Online Division 2"]
[Site "online"]
[Date "2020.04.07"]
[Round "1.103"]
[White "Tian Yi, Wang"]
[Black "Butland, Nick J"]
[Result "1-0"]
[WhiteElo "2192"]
[BlackElo "1922"]
[PlyCount "65"]
[EventDate "2020.04.07"]
[WhiteTeam "Liverpool"]
[BlackTeam "Plymouth"]

1. Nf3 e6 2. g3 Nf6 3. Bg2 c5 4. c4 Nc6 5. O-O Be7 6. Nc3 O-O 7. d4 cxd4 8.
Nxd4 Nxd4 9. Qxd4 d6 10. Rd1 Qa5 11. Nb5 Rd8 12. Bd2 Qb6 13. Qxb6 axb6 14. Be3
Nd7 15. Nxd6 Nc5 16. Nxc8 Raxc8 17. Rxd8+ Rxd8 18. b4 Na4 19. a3 Bf6 20. Rc1
Bb2 21. Rb1 Bf6 22. Bxb7 Nc3 23. Re1 Bd4 24. Bxd4 Rxd4 25. c5 bxc5 26. bxc5 Rc4
27. c6 Nd5 28. Rd1 g6 29. a4 Nc3 30. Rd8+ Kg7 31. a5 Nd5 32. Rxd5 exd5 33. a6
1-0

[Event "4NCL Online Division 2"]
[Site "online"]
[Date "2020.04.07"]
[Round "1.104"]
[White "Brooks, Paul"]
[Black "Lancaric, Tomas"]
[Result "1/2-1/2"]
[WhiteElo "1907"]
[BlackElo "1975"]
[PlyCount "217"]
[EventDate "2020.04.07"]
[WhiteTeam "Plymouth"]
[BlackTeam "Liverpool"]

1. d4 d5 2. c4 e6 3. Nc3 Nf6 4. cxd5 exd5 5. Bg5 c6 6. e3 Bd6 7. Bd3 Nbd7 8.
Qc2 h6 9. Bh4 O-O 10. Nge2 Re8 11. Bg3 Nf8 12. O-O Bxg3 13. Nxg3 Bd7 14. b4 Qe7
15. Rab1 Rac8 16. Nf5 Bxf5 17. Bxf5 Ne6 18. Rfc1 g6 19. Bd3 Kg7 20. Na4 Ng5 21.
Qe2 b6 22. Rc2 Nge4 23. a3 Nd6 24. Rbc1 Nc4 25. Bxc4 dxc4 26. Rxc4 b5 27. Rxc6
Rxc6 28. Rxc6 bxa4 29. Qc2 a5 30. Qxa4 axb4 31. Qxb4 Qxb4 32. axb4 Rb8 33. Rc2
Rxb4 34. f3 Rb1+ 35. Kf2 Nd5 36. e4 Nb4 37. Rd2 Rb3 38. Ke2 Kf6 39. d5 Ke5 40.
g3 g5 41. d6 Nc6 42. d7 Nd8 43. h4 Ke6 44. hxg5 hxg5 45. Kf2 Rb7 46. Rd5 f6 47.
f4 Rxd7 48. fxg5 fxg5 49. Rxg5 Nf7 50. Rh5 Nd6 51. Ke3 Nc4+ 52. Ke2 Rd2+ 53.
Kf3 Ne5+ 54. Ke3 Rd3+ 55. Kf2 Ng4+ 56. Kg2 Nf6 57. Ra5 Nxe4 58. g4 Rg3+ 59. Kf1
Rxg4 60. Ke2 Rg3 61. Rh5 Ra3 62. Rh8 Kd5 63. Rd8+ Kc4 64. Rc8+ Nc5 65. Rc6 Ra8
66. Rh6 Re8+ 67. Kd2 Nb3+ 68. Kd1 Rd8+ 69. Ke2 Nd4+ 70. Kf2 Re8 71. Rh4 Re2+
72. Kf1 Rd2 73. Rg4 Rd3 74. Kf2 Rf3+ 75. Kg2 Rf8 76. Kg3 Kd3 77. Kg2 Ke3 78.
Rg6 Ne2 79. Re6+ Kd2 80. Rd6+ Kc3 81. Rc6+ Kd4 82. Rd6+ Kc4 83. Rc6+ Kd5 84.
Rc2 Nd4 85. Rd2 Ra8 86. Rd1 Re8 87. Rd2 Ke4 88. Ra2 Rh8 89. Ra4 Kd3 90. Ra3+
Ke4 91. Ra4 Rc8 92. Kf2 Rc3 93. Kg2 Rc8 94. Kf2 Rg8 95. Rb4 Kd3 96. Ra4 Rf8+
97. Kg2 Ke3 98. Ra3+ Ke4 99. Ra4 Rg8+ 100. Kf2 Rg6 101. Rb4 Ra6 102. Kg2 Ra2+
103. Kg3 Kd5 104. Rb7 Kc4 105. Rc7+ Kd3 106. Rd7 Ra1 107. Kg2 Kc4 108. Rc7+ Kd3
109. Rd7 1/2-1/2

[Event "4NCL Online Division 2"]
[Site "online"]
[Date "2020.04.07"]
[Round "1.111"]
[White "Jarmany, David"]
[Black "Burrows, Martin P"]
[Result "1-0"]
[WhiteElo "2267"]
[BlackElo "2125"]
[PlyCount "107"]
[EventDate "2020.04.07"]
[WhiteTeam "Maryport Assassins A"]
[BlackTeam "Wigston 1"]

1. e4 c5 2. Nf3 d6 3. d4 cxd4 4. Nxd4 Nf6 5. Nc3 a6 6. Be2 e5 7. Nb3 Be7 8. Be3
Be6 9. O-O O-O 10. f4 exf4 11. Bxf4 Nc6 12. Qd2 Rc8 13. Rad1 Ne8 14. Nd5 Bxd5
15. exd5 Ne5 16. Nd4 Bf6 17. c3 Qa5 18. Nf5 Ng6 19. Bg3 Qd8 20. Bd3 Be5 21. Qe3
Nf6 22. Bxe5 Ng4 23. Qg3 N4xe5 24. Bc2 Qb6+ 25. Rf2 Rc4 26. Nd4 Qd8 27. Rdf1 b5
28. Bxg6 Nxg6 29. h4 Qxh4 30. Qxh4 Nxh4 31. Ne6 f6 32. Nxf8 Kxf8 33. Rf4 Rxf4
34. Rxf4 Ng6 35. Re4 Ne5 36. a4 Nd3 37. axb5 axb5 38. b3 Nc1 39. c4 bxc4 40.
bxc4 Nd3 41. Re6 Ne5 42. Rxd6 Nxc4 43. Re6 Kf7 44. Kf2 Ne5 45. Ke3 g5 46. Ke4
h5 47. Rxe5 fxe5 48. Kxe5 g4 49. Kf5 Ke7 50. Kg5 Kd6 51. Kxh5 g3 52. Kg4 Kxd5
53. Kxg3 Ke5 54. Kg4 1-0